000 004440000a22001810004500
003 MACL
005 20151230172019.0
008 151230b xxu||||| |||| 00| 0 eng d
040 _aMACL
_cMACL
041 _aEnglish
082 _a294.56/MAH
100 _aMahadevan, T M P
_923886
245 _aThe Sage of Kanchi
260 _bArnold Heinemann
_c1975
_aNew Delhi
350 _a15
650 _aReligion
_925328
942 _cBK
_k294.56/MAH
_2ddc
999 _c33882
_d33882